Loading...

Flames: their structure, radiation and temperature

Bibliographic Details
Main Author: Gaydon, A. G.
Other Authors: Wolfhard, Hans G.
Format: Printed Book
Language:English
Published: London, Chapman and Hall, 1970.
Edition:3d ed. rev.
Subjects:
LEADER 00654cam a2200181 4500
005 20200810153348.0
008 701218s1970 enka b 001 0 eng
082 0 0 |a 541/.361  |b GAY 
100 1 |a Gaydon, A. G.  |9 5398 
245 1 0 |a Flames:   |c [by] A. G. Gaydon and H. G. Wolfhard.  |b their structure, radiation and temperature 
250 |a 3d ed. rev. 
300 |a 401 p.  |b illus. (part col.)  |c 25 cm. 
653 |a Flame 
700 1 |a Wolfhard, Hans G.,  |9 5804 
942 |c BK  |6 _ 
260 |a London,  |b Chapman and Hall,  |c 1970. 
999 |c 213485  |d 213485 
952 |0 0  |1 0  |2 ddc  |4 0  |6 541361_GAY  |7 0  |9 272152  |a PHY  |b PHY  |d 2010-03-08  |o 541/.361 GAY  |p PHY004196  |r 2010-03-08  |w 2010-03-08  |y BK